|
|
|
|
| LEADER |
00819nam a2200241 i 4500 |
| 001 |
c000060549 |
| 003 |
CARM |
| 005 |
00000000000000.0 |
| 008 |
751124s1975 quc 00011 fre d |
| 015 |
|
|
|a C750062703
|
| 019 |
1 |
|
|a 302891
|5 LACONCORD2021
|
| 020 |
|
|
|a 0885410017
|b br. :
|c $3.
|
| 035 |
|
|
|a (OCoLC)1960239
|5 LACONCORD2021
|
| 040 |
|
|
|a 00NL
|b fre
|c CaOONL
|
| 055 |
0 |
2 |
|a PS8576*
|
| 100 |
1 |
|
|a Massie, Jeannette,
|d 1927-
|
| 245 |
1 |
0 |
|a Jeunesse libre /
|c Jeannette Massie.
|
| 260 |
|
|
|a Montreal :
|b Editions Sondec,
|c c1975.
|
| 300 |
|
|
|a 194 p. ;
|c 17 cm.
|
| 852 |
8 |
|
|b CARM
|h A2:AE28G0
|i A00326
|p 0052281
|f BK
|
| 082 |
0 |
4 |
|a C843/.5/4
|
| 999 |
f |
f |
|i 77c1a410-31cb-5125-9138-570069d70070
|s f9f71d81-f7c7-59ea-8a4a-362a7092d198
|
| 952 |
f |
f |
|p Can circulate
|a CAVAL
|b CAVAL
|c CAVAL
|d CARM 1 Store
|e A00326
|f A2:AE28G0
|h Other scheme
|i book
|m 0052281
|